The power of Un / (Record no. 1144)
[ view plain ]
| 000 -LEADER | |
|---|---|
| fixed length control field | 00934cam a22002654a 4500 |
| 005 - DATE AND TIME OF LATEST TRANSACTION | |
| control field | 20250703144620.0 |
| 020 ## - INTERNATIONAL STANDARD BOOK NUMBER | |
| International Standard Book Number | 9780439313315 |
| 040 ## - CATALOGING SOURCE | |
| Original cataloging agency | DLC |
| Transcribing agency | DLC |
| Modifying agency | DLC |
| Language of cataloging | eng |
| 050 00 - LIBRARY OF CONGRESS CALL NUMBER | |
| Classification number | PZ7.E84 |
| Item number | Po 2000 |
| 082 00 - DEWEY DECIMAL CLASSIFICATION NUMBER | |
| Classification number | [Fic] |
| Edition number | 21 |
| 100 1# - MAIN ENTRY--PERSONAL NAME | |
| Personal name | Etchemendy, Nancy. |
| 245 14 - TITLE STATEMENT | |
| Title | The power of Un / |
| Statement of responsibility, etc. | Nancy Etchemendy. |
| 250 ## - EDITION STATEMENT | |
| Edition statement | First Scholastic printing, November 2001 |
| 260 ## - PUBLICATION, DISTRIBUTION, ETC. | |
| Place of publication, distribution, etc. | New York |
| Name of publisher, distributor, etc. | Scholastic |
| Date of publication, distribution, etc. | 2001 |
| 300 ## - PHYSICAL DESCRIPTION | |
| Extent | 148 pages. ; |
| Dimensions | 20 cm. |
| 505 ## - FORMATTED CONTENTS NOTE | |
| Formatted contents note | Q <br/> |
| 520 ## - SUMMARY, ETC. | |
| Summary, etc. | When he is given a device that will allow him to "undo" what has happened in the past, Gib Finney is not sure what event from the worst day in his life he should change in order to keep his sister from being hit by a truck. |
| 521 ## - TARGET AUDIENCE NOTE | |
| Target audience note | 720 <br/> |
| Source | Lexile <br/> |
| 521 ## - TARGET AUDIENCE NOTE | |
| Target audience note | Q <br/> |
| Source | Raz_plus <br/> |
| 650 #1 - SUBJECT ADDED ENTRY--TOPICAL TERM | |
| Topical term or geographic name entry element | Time travel |
| Form subdivision | Fiction. |
| 650 #1 - SUBJECT ADDED ENTRY--TOPICAL TERM | |
| Topical term or geographic name entry element | Siblings |
| Form subdivision | Fiction. |
| 906 ## - LOCAL DATA ELEMENT F, LDF (RLIN) | |
| a | 7 |
| b | cbc |
| c | orignew |
| d | 1 |
| e | ocip |
| f | 19 |
| g | y-gencatlg |
| 942 ## - ADDED ENTRY ELEMENTS (KOHA) | |
| Source of classification or shelving scheme | Dewey Decimal Classification |
| Koha item type | Books |
| Suppress in OPAC | No |
| 999 ## - | |
| -- | 1144 |
| -- | 1144 |
| Withdrawn status | Lost status | Source of classification or shelving scheme | Damaged status | Not for loan | Collection | Home library | Current library | Shelving location | Date acquired | Total Checkouts | Full call number | Barcode | Date last seen | Price effective from | Koha item type | Copy number |
|---|---|---|---|---|---|---|---|---|---|---|---|---|---|---|---|---|
| Dewey Decimal Classification | Fiction | Footprints International School Library Network Toul Tom Poung Campus | Footprints International School Library Network Toul Tom Poung Campus | TTP Primary Orange Bookshelves | 08/03/2023 | ETC Fic PZ7.E84 | FIS00923 | 08/03/2023 | 08/03/2023 | Books | ||||||
| Dewey Decimal Classification | Juvenile Fiction | Footprints International School Library Network Toul Tom Poung Campus | Footprints International School Library Network Toul Tom Poung Campus | TTP Primary Orange Bookshelves | 02/26/2025 | ETC Fic PZ7.E84 | 2025-0696 | 02/26/2025 | 02/26/2025 | Books | 2 | |||||
| Dewey Decimal Classification | Juvenile Fiction | Footprints International School Library Network Toul Tom Poung Campus | Footprints International School Library Network Toul Tom Poung Campus | TTP Primary Orange Bookshelves | 07/03/2025 | ETC Fic PZ7.E84 | 2025-1744 | 07/03/2025 | 07/03/2025 | Books | 3 |
